| 000 | 00000nam##2200000za#4500 |
| 001 | 9.697412 |
| 003 | CaOODSP |
| 005 | 20210929082801 |
| 007 | cr ||||||||||| |
| 008 | 150407|2007||||xxc|||||o f|0| 0 eng|d |
| 040 | |aCaOODSP|beng |
| 043 | |an-cn--- |
| 086 | 1 |aFo4-14/8-2007E-PDF |
| 110 | 1 |aCanada. |bNatural Resources Canada. |bCanadian Forest Service. |
| 245 | 10|aCanada's boreal forest : |h[electronic resource]|btradition and transition / |c[published by] Canadian Forestry Association. |
| 246 | 3 |aTeaching kit. Volume 8, Canada's boreal forest |
| 260 | |aOttawa - Ontario : |bNatural Resources Canada. |cc2007. |
| 300 | |a48p.|bfigs., glossary, illus., maps, photographs |
| 500 | |aThe ISBN (978-0-9737807-4-1) for the print edition has been incorrectly copied in this electronic publication. |
| 520 | 3 |aProvides educators with the tools to help young people better understand the value of forests and the importance of protecting and conserving them. |
| 590 | |a13-06-Supp|b2013-03-19 |
| 690 | 07|aBoreal ecosystems|2gcpds |
| 690 | 07|aForests|2gcpds |
| 775 | 08|tLa forêt boréale canadienne : |w(CaOODSP)9.641458 |
| 776 | 0#|tCanada's boreal forest : |w(CaOODSP)9.651202 |
| 856 | 40|ahttp://publications.gc.ca|qPDF|s3.56 MB|uhttps://publications.gc.ca/collections/collection_2013/rncan-nrcan/Fo4-14-8-2007-eng.pdf |